000 00293nam a2200121Ia 4500
008 190216s9999||||xx |||||||||||||| ||und||
100 _aKehar Sangha
245 0 _aProductivity And Economic Growth
260 _bAsia Publishing House
_c1964
300 _a121p
650 _aCommerce
942 _cBK
999 _c4759
_d4759